000 00770nai a2200193Ia 4500
003 IN-BaIIA
008 211028c9999 xx s 000 0 eng d
022 _a1097-2102 (Online)
040 _cIIA Library
245 0 _aJournal of Technology Computer Aided Design TCAD
_h[eJournal]
260 _aNew York, USA
_bThe Institute of Electrical and Electronics Engineers, Inc. (IEEE)
362 _a1996
521 _bSubscribed through National Knowledge Resource Consortium (NKRC)
650 _a Communication, Networking and Broadcast Technologies
650 _a Components, Circuits, Devices and Systems
650 _aComputing and Processing
_948785
856 _uhttps://ieeexplore.ieee.org/servlet/opac?punumber=6414145
_yClick Here to Access eJournal
942 _cEJ
999 _c35227
_d35227